| 000 | 00394nam a2200157Ia 4500 | ||
|---|---|---|---|
| 008 | 230917s9999||||xx |||||||||||||| ||und|| | ||
| 040 |
_e141189 _aMAIN |
||
| 041 | _aEnglish | ||
| 082 | _a345.06 A92P(16) | ||
| 100 | _aAvtar Singh | ||
| 245 | 0 | _aPrinciples of law of evidence | |
| 250 | _a16th ed. | ||
| 260 |
_aAllahabad _bCentral Law Agency _c2007 |
||
| 300 | _alxiv, 584 p. | ||
| 942 | _cBK | ||
| 999 |
_c140333 _d140333 |
||